[Event "AUTO-INT-2301"]
[Site "http://www.queenalice.com/game.php?id=1051140"]
[Date "2012.4.21"]
[Round "1"]
[White "los6enanitos"]
[Black "Leoncn"]
[Result "1-0"]
[WhiteElo "1680"]
[BlackElo "1491"]

1. e4 e5 2. Nf3 Nc6 3. Bb5 Nf6 4. d3 Bb4+ 5. c3 Bc5 6. Bxc6 bxc6 7. Nxe5 O-O 8.
d4 Bb6 9. f3 c5 10. Be3 d6 11. Nc6 Qd7 12. d5 Bb7 13. c4 Bxc6 14. dxc6 Qxc6 15.
O-O Rad8 16. Nc3 Ba5 17. Qa4 Qb6 18. Qb5 Rb8 19. Qxb6 Rxb6 20. Rab1 a6 21. Nd5
Nxd5 22. exd5 Re8 23. Bf2 Rb4 24. Rfe1 Rxe1+ 25. Rxe1 Kf8 26. b3 g6 27. Re2 Rb8
28. Be1 Bxe1 29. Rxe1 Re8 30. Rxe8+ Kxe8 31. Kf2 Ke7 32. f4 Kf6 33. g4 g5 34. f5
Ke5 35. Ke3 a5 36. h3 h6 37. a4 h5 38. gxh5 Kxf5 39. Kf3 Kf6 40. Kg4 Kg7 41.
Kxg5 f6+ 42. Kf5 Kh6 43. Kxf6 1-0

[Event "AUTO-INT-2301"]
[Site "http://www.queenalice.com/game.php?id=1051141"]
[Date "2012.4.21"]
[Round "1"]
[White "Leoncn"]
[Black "Rijo"]
[Result "0-1"]
[WhiteElo "1503"]
[BlackElo "1480"]

1. d4 d5 2. Nc3 Nf6 3. Bg5 h6 4. Bh4 Qd6 5. e3 Qb6 6. Rb1 Bf5 7. Nf3 Nbd7 8. Be2
g5 9. Bg3 g4 10. Ne5 Nxe5 11. Bxe5 O-O-O 12. Nb5 Rd7 13. c4 Bxb1 14. Qxb1 a6 15.
Nc3 Qa5 16. O-O Rg8 17. Bxf6 exf6 18. Nxd5 Rg6 19. Qf5 c6 20. Nxf6 Qxf5 0-1

[Event "AUTO-INT-2301"]
[Site "http://www.queenalice.com/game.php?id=1051142"]
[Date "2012.4.21"]
[Round "1"]
[White "Rijo"]
[Black "Leoncn"]
[Result "0-1"]
[WhiteElo "1482"]
[BlackElo "1484"]

1. e4 e5 2. Nf3 Nc6 3. Qe2 Bc5 4. c3 d6 5. Qc4 Nf6 6. d4 Bb6 7. Ng5 Be6 8. Nxe6
fxe6 9. Qxe6+ Qe7 10. Bc4 Qxe6 11. Bxe6 Nxe4 12. Be3 Nd8 13. Bf5 Nf6 14. O-O O-O
15. Re1 Nc6 16. dxe5 Nxe5 17. Na3 a6 18. Bxb6 cxb6 19. Rad1 Rad8 20. b3 Rfe8 21.
Nc4 Nxc4 22. bxc4 g6 23. Be6+ Kg7 24. Rb1 Re7 25. Rxb6 Rc8 26. Rxd6 Rcc7 27. Rd8
Rc6 28. Rg8+ Nxg8 29. Bxg8 Rxe1# 0-1

[Event "AUTO-OPEN-2665"]
[Site "http://www.queenalice.com/game.php?id=1051180"]
[Date "2012.4.21"]
[Round "1"]
[White "xispirito"]
[Black "Leoncn"]
[Result "1-0"]
[WhiteElo "1956"]
[BlackElo "1486"]

1. e4 e5 2. Nf3 Nc6 3. Bb5 a6 4. Ba4 Nf6 5. O-O Nxe4 6. Re1 f5 7. Bxc6 dxc6 8.
d3 Nf6 9. Rxe5+ Be7 10. Qe2 Ng4 11. Bg5 Nxe5 12. Qxe5 Kf7 13. Qf4 Bxg5 14. Nxg5+
Kf6 15. Nc3 h6 16. Nf3 Re8 17. d4 g5 18. Qd2 Qd6 19. h4 c5 20. hxg5+ hxg5 21.
Qxg5+ Kf7 22. Qh5+ Kf8 23. Qh8+ Ke7 24. Re1+ Be6 25. Qg7+ Kd8 26. Qf6+ Kc8 27.
dxc5 Qd7 28. Ng5 Bc4 29. Rxe8+ Qxe8 30. Qxf5+ Be6 31. Nxe6 b6 32. Qe5 Ra7 33.
cxb6 cxb6 34. Nd5 Kd7 35. Nf6+ 1-0

[Event "AUTO-OPEN-2665"]
[Site "http://www.queenalice.com/game.php?id=1051181"]
[Date "2012.4.21"]
[Round "1"]
[White "Leoncn"]
[Black "xispirito"]
[Result "0-1"]
[WhiteElo "1488"]
[BlackElo "1900"]

1. e4 c5 2. Nf3 Nc6 3. Bc4 d6 4. Ng5 Ne5 5. b3 Nxc4 6. bxc4 e5 7. d3 f5 8. d4
cxd4 9. c3 Be7 10. Nf3 fxe4 11. Nfd2 Nf6 12. cxd4 exd4 13. Bb2 Qb6 14. Qc2 O-O
15. Nxe4 Nxe4 16. Bxd4 Qxd4 17. O-O Nxf2 18. Na3 Nh3+ 19. Kh1 Bf5 20. Nb5 Qc5
21. Qe2 Bg4 22. Qxg4 Qg1+ 23. Rxg1 Nf2# 0-1

[Event "AUTO-OPEN-2665"]
[Site "http://www.queenalice.com/game.php?id=1051208"]
[Date "2012.4.21"]
[Round "1"]
[White "thedocwat"]
[Black "Leoncn"]
[Result "1-0"]
[WhiteElo "2156"]
[BlackElo "1481"]

1. e4 e5 2. Nf3 Nc6 3. Bb5 Nf6 4. O-O Bc5 5. c3 d6 6. d4 exd4 7. cxd4 a6 8.
Bxc6+ bxc6 9. dxc5 Nxe4 10. Qd4 Nf6 11. Re1+ Be6 12. cxd6 cxd6 13. Bf4 d5 14.
Qc5 Rb8 15. Bxb8 Qxb8 16. Qxc6+ Kf8 17. Qxa6 Qxb2 18. Qd6+ Ke8 19. Nbd2 Ne4 20.
Nxe4 dxe4 21. Rad1 Qb7 22. Qd8# 1-0

[Event "AUTO-OPEN-2665"]
[Site "http://www.queenalice.com/game.php?id=1051209"]
[Date "2012.4.21"]
[Round "1"]
[White "Leoncn"]
[Black "thedocwat"]
[Result "0-1"]
[WhiteElo "1479"]
[BlackElo "2156"]

1. e4 c5 2. Nf3 a6 3. Nc3 e6 4. d4 cxd4 5. Qxd4 Nc6 6. Qd2 Nh6 7. Be2 Bc5 8. O-O
O-O 9. h3 b5 10. Qd3 Qf6 11. Bd2 Nb4 12. Bg5 Nxd3 13. Bxf6 Bxf2+ 14. Kh1 gxf6
15. cxd3 Be3 16. Rae1 b4 17. Na4 f5 18. exf5 Nxf5 19. Kh2 Bf4+ 20. g3 Bxg3+ 21.
Kg2 Bxe1 22. Nxe1 Ne3+ 23. Kf2 Nxf1 0-1

[Event "AUTO-OPEN-2665"]
[Site "http://www.queenalice.com/game.php?id=1051226"]
[Date "2012.4.21"]
[Round "1"]
[White "kumite"]
[Black "Leoncn"]
[Result "1-0"]
[WhiteElo "1436"]
[BlackElo "1483"]

1. g3 Nc6 2. Bg2 e5 3. a4 Nf6 4. c4 Be7 5. b4 Nxb4 6. a5 O-O 7. Nf3 h6 8. Nh4 d6
9. O-O Bd7 10. Ba3 Nc6 11. Bb2 a6 12. e3 Be6 13. Qc2 d5 14. Nf3 e4 15. Nh4 dxc4
16. d4 Qd7 17. Na3 Nb4 18. Qd1 Nd3 19. Bc3 Rad8 20. d5 Bxd5 21. Rb1 Bxa3 22. Bd4
Qc6 23. Nf5 Rfe8 24. Bxf6 gxf6 25. Qg4+ 1-0

[Event "AUTO-OPEN-2665"]
[Site "http://www.queenalice.com/game.php?id=1051227"]
[Date "2012.4.21"]
[Round "1"]
[White "Leoncn"]
[Black "kumite"]
[Result "1-0"]
[WhiteElo "1465"]
[BlackElo "1475"]

1. d4 g6 2. Nc3 Bg7 3. Nf3 a5 4. e3 b6 5. Be2 Bb7 6. h3 h5 7. O-O a4 8. a3 h4 9.
Bd2 Nh6 10. Nxh4 e6 11. Bf3 Qxh4 12. Bxb7 Ra7 13. Be4 c5 14. d5 b5 15. Nxb5 Rb7
16. Nd6+ Ke7 17. Nxb7 Rc8 18. b4 Bxa1 19. Qxa1 Qxe4 20. d6+ Kf8 21. Nxc5 Qxc2
22. Bc1 Qf5 23. e4 Qh5 24. Bxh6+ Qxh6 25. Rc1 Nc6 26. Nxd7+ Kg8 27. Nf6+ Kf8 28.
Nd7+ Ke8 29. Ne5 Na7 30. d7+ Kf8 31. dxc8=Q+ Nxc8 32. Rxc8+ Ke7 33. Rc7+ Kd6 34.
Rd7# 1-0

[Event "AUTO-INT-2351"]
[Site "http://www.queenalice.com/game.php?id=1071900"]
[Date "2012.6.14"]
[Round "1"]
[White "Leoncn"]
[Black "yugioh1"]
[Result "0-1"]
[WhiteElo "1516"]
[BlackElo "1454"]

1. e4 e5 2. Nf3 Nc6 3. Bc4 Bc5 4. d3 Nf6 5. Ng5 O-O 6. O-O d6 7. h3 h6 8. Nf3
Be6 9. Bb5 Nd4 10. Nxd4 Bxd4 11. Nc3 c6 12. Ba4 Qc8 13. Be3 b5 14. Bb3 Bxb3 15.
axb3 Bxe3 16. fxe3 b4 17. Ne2 d5 18. exd5 Nxd5 19. c3 Nxe3 20. Qe1 Nxf1 21. Qxf1
bxc3 22. bxc3 Qd7 23. Ra5 Qxd3 24. Ra6 Rab8 25. b4 Qxa6 26. Kh1 Rbd8 27. Qf5
Qxe2 0-1

[Event "AUTO-INT-2351"]
[Site "http://www.queenalice.com/game.php?id=1071901"]
[Date "2012.6.14"]
[Round "1"]
[White "yugioh1"]
[Black "Leoncn"]
[Result "0-1"]
[WhiteElo "1472"]
[BlackElo "1498"]

1. d4 d5 2. c4 dxc4 3. Nc3 Nf6 4. e3 Nc6 5. Bxc4 e6 6. Nf3 h6 7. O-O Be7 8. Re1
O-O 9. e4 Bb4 10. e5 Nd7 11. Qc2 a6 12. Qd3 Qe7 13. Bd2 f6 14. d5 Na5 15. a3
Bxc3 16. Bxc3 Nxc4 17. Qxc4 Nc5 18. exf6 gxf6 19. dxe6 Bxe6 20. Qe2 Rad8 21.
Rad1 Rxd1 22. Rxd1 Rd8 23. Rxd8+ Qxd8 24. Nd4 Bf5 25. Nxf5 Na4 26. Qg4+ Kf8 27.
Qg7+ Ke8 0-1

[Event "AUTO-INT-2351"]
[Site "http://www.queenalice.com/game.php?id=1071904"]
[Date "2012.6.14"]
[Round "1"]
[White "Leoncn"]
[Black "rumplestiltskin"]
[Result "0-1"]
[WhiteElo "1504"]
[BlackElo "1636"]

1. e4 e5 2. Nf3 d6 3. Nc3 Nf6 4. Bc4 a6 5. Ng5 d5 6. exd5 Bc5 7. d3 O-O 8. O-O
h6 9. Nge4 Bd4 10. Be3 Bxc3 11. Nxc3 Re8 12. Ne4 Nbd7 13. Qf3 b5 14. Bb3 Nxe4
0-1

[Event "AUTO-INT-2351"]
[Site "http://www.queenalice.com/game.php?id=1071905"]
[Date "2012.6.14"]
[Round "1"]
[White "rumplestiltskin"]
[Black "Leoncn"]
[Result "1-0"]
[WhiteElo "1647"]
[BlackElo "1493"]

1. e4 e5 2. f4 exf4 3. Nf3 Nc6 4. Nc3 d6 5. h3 Nf6 6. Bb5 Bd7 7. d4 a6 8. Bc4
Nb4 9. a3 Nc6 10. Bxf4 Be7 11. Ng5 O-O 12. Qd2 h6 13. Nxf7 Qe8 14. Nxd6+ 1-0

[Event "Challenge"]
[Site "http://www.queenalice.com/game.php?id=1079254"]
[Date "2012.7.4"]
[Round "-"]
[White "Leoncn"]
[Black "ricardoaurelio"]
[Result "0-1"]
[WhiteElo "1507"]
[BlackElo "1764"]

1. e4 e5 2. Nf3 Nc6 3. Bc4 h6 4. Nc3 Nf6 5. Qe2 Bc5 6. b3 Ng4 7. Rf1 Bxf2+ 8.
Rxf2 Nd4 9. Qd3 Nxf2 10. Kxf2 Nxf3 11. Qxf3 O-O 12. Ba3 d6 13. h3 Qh4+ 14. Kg1
Kh8 15. Bxf7 Be6 16. Nd5 Rxf7 17. Qd3 Raf8 18. Nxc7 Bd7 19. Bxd6 Rc8 20. Bxe5
Re7 21. Qd6 Qg5 22. d4 Bxh3 23. Bg3 Rexc7 24. gxh3 Qe3+ 25. Bf2 Qxe4 26. c4 Rc6
27. Qd7 Rg6+ 28. Kf1 Re8 29. Qxe8+ Qxe8 30. h4 Qe4 31. Re1 Qf4 32. Re2 Qh2 33.
a3 Qh1+ 0-1

[Event "Leo_cx-2"]
[Site "http://www.queenalice.com/game.php?id=1081976"]
[Date "2012.7.12"]
[Round "1"]
[White "Philchess"]
[Black "Leoncn"]
[Result "0-1"]
[WhiteElo "1473"]
[BlackElo "1501"]

1. d4 d5 2. c4 dxc4 3. Nc3 Nf6 4. e3 Nc6 5. Bxc4 e6 6. Nf3 Be7 7. O-O O-O 8. Bb5
a6 9. Bxc6 bxc6 10. e4 c5 11. dxc5 Bxc5 12. Qxd8 Rxd8 13. Bg5 h6 14. Bxf6 gxf6
15. Rfe1 Bb7 16. Rad1 Rxd1 17. Rxd1 Bc6 18. a3 Rb8 19. b4 Be7 20. Re1 Rd8 21.
Rc1 Rd7 22. Nd4 Rxd4 23. f3 Bb5 24. h3 Kg7 25. Kh2 Bd6+ 26. Kh1 Rd3 27. Nxb5
axb5 28. Rf1 Rxa3 29. f4 f5 30. exf5 exf5 31. Kh2 Bxb4 32. Rd1 Bd6 33. Rd5 Bxf4+
34. g3 Bxg3+ 35. Kg2 b4 36. Rxf5 Bd6 37. Kf2 b3 38. Rb5 c5 39. Ke2 Ra2+ 40. Kd1
c4 41. Kc1 Bf4+ 42. Kb1 Rh2 43. Rb4 Be5 44. Rxc4 Rh1+ 45. Rc1 Rxc1+ 46. Kxc1 f5
47. Kb1 f4 48. h4 f3 49. Kc1 f2 0-1

[Event "Leo_cx-2"]
[Site "http://www.queenalice.com/game.php?id=1108962"]
[Date "2012.10.3"]
[Round "2"]
[White "Leoncn"]
[Black "simbu"]
[Result "0-1"]
[WhiteElo "1513"]
[BlackElo "1425"]

1. d4 Nf6 2. Nc3 d5 3. e3 Nc6 4. Bd3 e5 5. dxe5 Nxe5 6. Nf3 Nxd3+ 7. cxd3 Bd6 8.
d4 O-O 9. O-O c6 10. h3 Ne4 11. Nxe4 dxe4 12. Nd2 f5 13. Nc4 Be6 14. b3 Bc7 15.
Ba3 Rf6 16. Rc1 f4 17. exf4 Bxf4 18. Rc2 Rg6 19. Ne5 Bxe5 20. dxe5 Qg5 21. g3 e3
22. Qf3 Bxh3 23. Re1 Qxe5 24. Rxe3 Qa1+ 25. Kh2 Rh6 26. Bc1 Bg4+ 27. Kg2 Bxf3+
28. Rxf3 Re6 29. Be3 Qb1 30. Rd2 Re5 31. g4 Qe4 32. Kg3 Rd5 33. Re2 Qe5+ 34. Kh3
h5 35. g5 Qe6+ 36. Kh4 Qg4# 0-1

[Event "Leo_cx-2"]
[Site "http://www.queenalice.com/game.php?id=1139171"]
[Date "2013.1.10"]
[Round "3"]
[White "alfonso"]
[Black "Leoncn"]
[Result "1-0"]
[WhiteElo "1497"]
[BlackElo "1425"]

1. e4 e5 2. Qf3 Nf6 3. h3 Bc5 4. d3 O-O 5. Qg3 g6 6. Qxe5 d6 7. Qg3 Nc6 8. Bg5
Nd4 9. Kd2 Bb4+ 10. c3 Bxc3+ 11. Kxc3 Ne6 12. Qf3 1-0